Parerga y paralipómena. 1.

Enregistré dans:
Détails bibliographiques
Auteur principal: Schopenhauer, Arthur, 1788-1860
Autres auteurs: López de Santa María, Pilar, 1957-
Format: Électronique eBook
Langue:espagnol
allemand
Publié: Madrid : Editorial Trotta, 2009.
Édition:2. ed.
Collection:Clásicos de la cultura (Editorial Trotta) ; 34.
Digitalia eBook Collection: Trotta Editorial
Sujets:
Accès en ligne:Digitalia Hispánica
Tags: Ajouter un tag
Pas de tags, Soyez le premier à ajouter un tag!

MARC

LEADER 00000nam a2200000Ia 4500
001 DIGTRO0434
003 NyNyDIG
006 m d
007 cr |||||||||||
008 131101s2009 sp ob 000 0 spa d
020 |a 9788498794298 (electronic bk.) 
020 |z 8481648787 (obra completa : pbk.) 
020 |z 9788481648782 (obra completa : pbk.) 
020 |z 9788481648799 (vol. 1 : pbk.) 
020 |z 8481648795 (vol. 1 : pbk.) 
040 |a DGITA  |b eng  |e pn  |c DGITA 
041 1 |a spa  |h ger 
050 4 |a B3118.E5 ebook 
100 1 |a Schopenhauer, Arthur,   |d 1788-1860.  
240 1 0 |a Parerga und paralipomena.   |l Spanish. 
245 1 0 |a Parerga y paralipómena.   |n 1.   |h [electronic resource] /  |c Arthur Schopenhauer ; traducción, introducción y notas de Pilar López de Santa María. 
250 |a 2. ed. 
260 |a Madrid :  |b Editorial Trotta,  |c 2009.   |e (New York, NY. :  |f Digitalia Inc,   |g 2012). 
300 |a 1 online resource (510 p.)  
490 1 |a Clásicos de la cultura ;  |v 34. 
500 |a First published: 2006. 
500 |a Translation of: Sämtliche Werke. 5. Parerga und Paralipomena 1: kleine philosophische Schriften ; nach d. 1., von Julius Frauenstädt besorgten Gesamtausg. neu bearb. und hrsg. von Arthur Hübscher. Mannheim : Brockhaus, 1988. 4. Aufl., Jubiläumsausg. 
500 |a "La presente traducción se ha realizado a partir del original alemán del quinto volumen de la Jubiläumausgabe de las obras de Schopenhauer, publicada en siete volúmenes por Brockhaus, Mannheim, 1988. Se trata de la edición de Arthur Hübscher, que sigue a su vez la de Julius Frauenstädt y que en esta cuarta edición, posterior a la muerte de Hübscher, ha sido supervisada por su viuda, Angelika Hübscher. La paginación original incluida en la traducción se refiere a esta edición, que sigue la tercera y definitiva que realizó Schopenhauer" (p. 29). 
504 |a Includes bibliographical references. 
506 |a Access restricted to subscribing institutions. 
650 0 |a Philosophy.  
655 0 |a Electronic books. 
700 1 |a López de Santa María, Pilar,   |d 1957- 
791 2 |a Digitalia (Firm),  |e distributor. 
830 0 |a Clásicos de la cultura (Editorial Trotta) ;  |v 34. 
830 0 |a Digitalia eBook Collection: Trotta Editorial 
856 4 0 |3 Digitalia Hispánica  |u https://digitalia.unach.elogim.com/a/19300/